|
|
|
|
| LEADER |
00000nam a2200000 a 4500 |
| 001 |
vtls011742760 |
| 003 |
SK-MaSNL |
| 005 |
20260301222651.0 |
| 008 |
251112s1642 pl 000 0 lat |
| 015 |
|
|
|a SNBHFA1642
|
| 035 |
|
|
|a B8A8BE44-B637-4CA1-987F-30201BBFB33A
|
| 035 |
|
|
|a urn:nbn:sk:snk-am3ibx7
|
| 035 |
|
|
|a urn:nbn:sk:snk-am00e2cz
|
| 040 |
|
|
|a SNKHF
|b slo
|c SNK
|e AACR2
|
| 041 |
0 |
|
|a lat
|
| 044 |
|
|
|a pl
|c PL
|
| 072 |
|
7 |
|a 2
|x Náboženstvo
|2 konspekt
|
| 080 |
|
|
|a 21/29-1/-9
|2 2011
|
| 080 |
|
|
|a 2-1
|2 2011
|
| 080 |
|
|
|a 378.245
|2 2001
|
| 100 |
1 |
|
|a Botsac, Johann,
|d 1600-1674
|4 aut
|9 351375
|
| 245 |
1 |
0 |
|a [...] Enodatio Analytico-Genetica Aurei D. Pauli ad Galatas dicti
|c Sub Praesidio Johannis Botsacci D. Rect. ; Johannes Fabricius
|
| 260 |
|
|
|a [Gedani]
|b Typis Georgii Rhetii
|c Anno a partu virginis 1642
|
| 300 |
|
|
|a [70] strán
|c 19 cm
|
| 500 |
|
|
|a Kustódy, typografické linky, ozdobná iniciálka na 5 riadkov, iniciálky tlačené bez pozadia na 2 riadky
|
| 501 |
|
|
|a Príväzok 11. k: SCHRÖDER, Friedrich. Encomium S.S. Theologiae Facultatum Praestantissimae. Dantisci: Typis per Georgium Rhetium, [b.r.].
|5 SNK ID 100135
|
| 546 |
|
|
|a Latinčina
|b Antikva
|b Kurzíva
|
| 561 |
|
|
|a Z knižnice Učenej spoločnosti malohontskej.
|5 SNK ID 100135/prív.11
|
| 650 |
0 |
7 |
|a teológia
|2 SNKPH
|9 1814
|
| 650 |
0 |
7 |
|a dizertácie
|2 SNKPH
|9 4040
|
| 700 |
1 |
|
|a Fabricius, Johann
|4 dis
|9 430114
|
| 700 |
1 |
|
|a Schening, Friedrich,
|d 1597-1658
|4 oth
|9 612602
|
| 700 |
1 |
|
|a Lagus, Daniel,
|d 1618-1678
|4 oth
|9 364481
|
| 700 |
1 |
|
|a Büthner, Andreas
|4 oth
|9 612603
|
| 700 |
1 |
|
|a Schmieden, Johann Ernst von,
|d 1626-1702
|4 oth
|9 612604
|
| 700 |
1 |
|
|a Langemacius, Michael
|4 oth
|9 496750
|
| 700 |
1 |
|
|a Schröder, Friedrich
|4 oth
|9 354428
|
| 710 |
2 |
|
|a Učená spoločnosť malohontská
|4 fmo
|9 205374
|
| 710 |
0 |
|
|a Rhete, Georg (Gdaňsk, Poľsko),
|d 1619-1647
|4 prt
|9 351383
|
| 752 |
|
|
|a Poľsko
|d Gdaňsk
|
| 852 |
|
|
|a snk
|b Historické fondy
|p ID 100135/prív.11
|
| 958 |
|
|
|a ONDV
|
| 999 |
|
|
|c 940651
|d 942581
|
| 952 |
|
|
|t MHC II.B.e.XXXIV
|a SNK
|b SNK
|c SNK_HF
|y PREZ
|7 0
|p 17A1299682
|o snkID 100135/prív.11
|i snk2018/4526
|8 5
|0 0
|1 0
|4 0
|d 2018-02-21
|f 1
|l 0
|r 2026-02-24 09:17:14
|w 2026-02-24
|